[Event "Medellin Feria de las Flores op"]
[Site "Medellin"]
[Date "2022.08.07"]
[Round "9"]
[White "Toro Castaneda, Miguel Angel"]
[Black "Lujan Gil, Mateo"]
[Result "1-0"]
[WhiteElo "2010"]
[BlackElo "1587"]
[PlyCount "101"]
[EventDate "2022.08.03"]
[EventType "swiss"]
[EventRounds "9"]
[EventCountry "COL"]
[SourceTitle "CBM 209 Extra"]
[Source "ChessBase"]
[SourceDate "2022.09.30"]
[SourceVersion "1"]
[SourceVersionDate "2022.09.30"]
[SourceQuality "1"]

1. e4 d6 2. d4 g6 3. Nc3 Bg7 4. Be3 Nf6 5. Qd2 c6 6. 0-0-0 Qa5 7. f3 b5 8. Kb1 b4 9. Nce2 Be6 10. Nc1 Nbd7 11. g4 Rb8 12. h4 h5 13. g5 Nh7 14. Nh3 Nb6 15. Nf4 Bc4 16. Bxc4 Nxc4 17. Qd3 Nxe3 18. Qxe3 Qb6 19. Nce2 Nf8 20. Ng3 Nd7 21. Rhe1 a5 22. Nf5 Bf8 23. Nh6 Rxh6 24. gxh6 Bxh6 25. Nd5 Bxe3 26. Nxb6 Bf2 27. Nxd7 Kxd7 28. Rh1 Bg3 29. Rd3 Rb5 30. a4 bxa3 31. Rxa3 Bf2 32. Rd3 Rb4 33. c3 Rb3 34. Kc2 a4 35. f4 c5 36. Rh2 c4 37. Rd1 Bg3 38. Rh3 Bxf4 39. Rf3 e5 40. dxe5 Bxe5 41. Rxf7+ Kc6 42. Ra7 Bg3 43. Rxa4 Kb5 44. Ra8 Bxh4 45. Rxd6 g5 46. Rf8 Ka5 47. Ra8+ Kb5 48. Rb8+ Kc5 49. Rd5+ Kc6 50. Rxb3 cxb3+ 51. Kxb3 1-0

[Event "Medellin Aristizabal Cup"]
[Site "Medellin"]
[Date "2022.07.11"]
[Round "7"]
[White "Lujan Gil, Mateo"]
[Black "Echavarria, Marilyn Daniela"]
[Result "1-0"]
[WhiteElo "1544"]
[BlackElo "1284"]
[PlyCount "101"]
[EventDate "2022.07.08"]
[EventType "swiss"]
[EventRounds "7"]
[EventCountry "COL"]
[SourceTitle "CBM 209 Extra"]
[Source "ChessBase"]
[SourceDate "2022.09.30"]
[SourceVersion "1"]
[SourceVersionDate "2022.09.30"]
[SourceQuality "1"]

1. Nf3 d5 2. g3 c5 3. Bg2 Nc6 4. 0-0 e5 5. d3 Be7 6. e4 d4 7. Nbd2 Be6 8. Ne1 Qd7 9. b3 h5 10. a4 h4 11. Nc4 hxg3 12. fxg3 Bh3 13. Qf3 f6 14. Bd2 Bxg2 15. Qxg2 Nh6 16. Nf3 Nf7 17. Nh4 0-0-0 18. Nf5 g5 19. Qf3 Bf8 20. Nb2 Nh6 21. Nd1 Nxf5 22. Qxf5 Qxf5 23. Rxf5 Bg7 24. Nf2 Ne7 25. Rf3 Rdf8 26. Rf1 Kd7 27. Ng4 Ke6 28. Kg2 Ng8 29. Bxg5 Rf7 30. h4 Rh7 31. Kh3 Bh8 32. Bc1 Ne7 33. Ba3 b6 34. a5 Nc6 35. axb6 axb6 36. Bc1 Nb4 37. R1f2 Na6 38. Nh6 Rf8 39. Rf5 Nc7 40. Ng4 Rff7 41. Nh6 Rf8 42. g4 Bg7 43. g5 Bxh6 44. Rxf6+ Rxf6 45. Rxf6+ Ke7 46. Rxh6 Rxh6 47. gxh6 Kf7 48. Kg4 Ne6 49. Kf5 Nf8 50. Kxe5 Ke7 51. Bg5+ 1-0